000
00264nam a2200109Ia 4500
008
220204s9999 xx 000 0 und d
082
_a
954
_b
MAL
100
_a
Malgonkar, Manohar
245
0
_a
Men who killed Gandhi
260
_a
Delhi
_b
Macmillan
_c
1978
942
_c
BK
999
_c
29448
_d
29448